| 000 | 00765cab a2200253 4500 | ||
|---|---|---|---|
| 001 | WB3011-09 | ||
| 008 | 090401t1994 xxu||||| |||| 00| 0 eng d | ||
| 035 | _a(Sirsi) u4525 | ||
| 041 | _aeng | ||
| 245 | _aPerplexing new phase | ||
| 260 | _c1994 | ||
| 350 | _a0 | ||
| 490 |
_aFinancial Times _v18 March 1994, 13(1) |
||
| 520 | _aThe gap between investment yields, gilts and property, is closing and thus reducing investors` enthusiasm for property. | ||
| 650 | _aINFLATION | ||
| 650 | _aINVESTMENT MARKET | ||
| 650 | _aINVESTMENT YIELDS | ||
| 650 | _aPROPERTY YIELDS | ||
| 650 | _aYIELDS | ||
| 690 | _aPROPERTY-COMMERCIAL PROPERTY-COMMERCIAL PROPERTY FINANCE AND INVESTMENT | ||
| 690 | _aFINANCE AND INVESTMENT | ||
| 942 | _n0 | ||
| 948 | _c04/03/1997 | ||
| 999 |
_c2729 _d2729 |
||